[Event "Polanica Zdroj op-C 41st "]
[Site "Polanica Zdroj"]
[Date "2005.08.27"]
[Round "9"]
[White "Okuniewski, Boguslaw"]
[Black "Piesik, Piotr"]
[Result "1/2-1/2"]
[WhiteElo "1800"]
[BlackElo "1800"]
[PlyCount "74"]
[EventDate "2005.08.19"]
[EventType "swiss"]
[EventRounds "9"]
[EventCountry "POL"]
[SourceTitle "EXT 2007"]
[Source "ChessBase"]
[SourceDate "2006.11.23"]
[SourceVersion "1"]
[SourceVersionDate "2006.11.23"]
[SourceQuality "1"]

1. e4 e5 2. Nf3 Nc6 3. Bc4 Bc5 4. Nc3 Nf6 5. d3 d6 6. Be3 Bb6 7. Qd2 Be6 8. Bb3 Qd7 9. h3 d5 10. Bxb6 axb6 11. Ng5 Nd4 12. Nxe6 fxe6 13. Qg5 Nc6 14. f3 0-0 15. g4 Nd4 16. Rf1 Qd6 17. f4 exf4 18. e5 Qb4 19. exf6 Rxf6 20. Kd1 Nxb3 21. cxb3 Qd4 22. Kc2 e5 23. Rae1 Re8 24. Ne2 Qc5+ 25. Kb1 Re7 26. d4 exd4 27. Nxf4 c6 28. Nd3 Qb5 29. Qd2 Rxf1 30. Rxf1 Re3 31. Rd1 c5 32. Nf4 Qe8 33. Kc1 Qe4 34. Rf1 Rf3 35. Rxf3 Qxf3 36. Nd3 g6 37. Nf4 Qe4 1/2-1/2

[Event "Polanica Zdroj op-C 41st "]
[Site "Polanica Zdroj"]
[Date "2005.08.25"]
[Round "7"]
[White "Okuniewski, Boguslaw"]
[Black "Stepniewski, Jerzy"]
[Result "0-1"]
[WhiteElo "1800"]
[BlackElo "1881"]
[PlyCount "84"]
[EventDate "2005.08.19"]
[EventType "swiss"]
[EventRounds "9"]
[EventCountry "POL"]
[SourceTitle "EXT 2007"]
[Source "ChessBase"]
[SourceDate "2006.11.23"]
[SourceVersion "1"]
[SourceVersionDate "2006.11.23"]
[SourceQuality "1"]

1. e4 g6 2. Nf3 Bg7 3. d4 d6 4. Nc3 Nd7 5. Be3 h5 6. Bc4 e6 7. Qd2 c6 8. Bb3 d5 9. exd5 cxd5 10. Ne2 Nb6 11. Ne5 Ne7 12. Rc1 f6 13. Nd3 Nf5 14. g3 0-0 15. Nef4 Qe8 16. h3 g5 17. Ng2 Nc4 18. Qe2 Ncxe3 19. Nxe3 Nxd4 20. Qd1 Nxb3 21. axb3 f5 22. f4 gxf4 23. Nxf4 Bxb2 24. Rb1 Bc3+ 25. Kf1 Rf6 26. Qxh5 Qxh5 27. Nxh5 Rh6 28. Nf4 e5 29. Nd1 Ba5 30. Nd3 Bd7 31. N1f2 Bc7 32. Ke2 e4 33. Nf4 Bb5+ 34. Ke1 Rd8 35. b4 Rc6 36. Rb2 Kh7 37. Kd2 a6 38. Ke1 Be5 39. Ra2 Rc4 40. Ne6 Re8 41. Nc5 Rxb4 42. Nb3 d4 0-1

[Event "POL-chT 53rd"]
[Site "Krynica"]
[Date "1997.10.02"]
[Round "8"]
[White "Rozentalis, Eduardas"]
[Black "Okuniewski, Boguslaw"]
[Result "1-0"]
[WhiteElo "2645"]
[BlackElo "2265"]
[PlyCount "61"]
[EventDate "1997.09.25"]
[EventType "team-tourn"]
[EventRounds "11"]
[EventCountry "POL"]
[SourceTitle "EXT 2019"]
[Source "ChessBase"]
[SourceDate "2018.10.10"]
[SourceVersion "1"]
[SourceVersionDate "2018.10.10"]
[SourceQuality "1"]
[WhiteTeam "Warszawa Polonia"]
[BlackTeam "Jasien LKS ZPD"]
[WhiteTeamCountry "POL"]
[BlackTeamCountry "POL"]

1. e4 Nf6 2. e5 Nd5 3. g3 d6 4. exd6 Qxd6 5. Bg2 e5 6. Ne2 Nc6 7. 0-0 Bg4 8. h3 Bh5 9. Nbc3 Nxc3 10. bxc3 Rd8 11. Rb1 b6 12. Rb5 f6 13. f4 a6 14. fxe5 Nxe5 15. Rd5 Qxd5 16. Bxd5 Rxd5 17. d4 Rd7 18. g4 Bf7 19. Nf4 Kd8 20. Qe1 g5 21. Nh5 Ng6 22. Nxf6 Re7 23. Qf2 Kc8 24. Bxg5 Bxa2 25. Qf3 Kb8 26. Qc6 Be6 27. Ne8 Rxe8 28. Qxe8+ Bc8 29. Bf6 Bg7 30. Qf7 Bxf6 31. Rxf6 1-0

[Event "POL-chT 53rd"]
[Site "Krynica"]
[Date "1997.10.01"]
[Round "7"]
[White "Okuniewski, Boguslaw"]
[Black "Kempinski, Robert"]
[Result "0-1"]
[WhiteElo "2265"]
[BlackElo "2530"]
[PlyCount "38"]
[EventDate "1997.09.25"]
[EventType "team-tourn"]
[EventRounds "11"]
[EventCountry "POL"]
[SourceTitle "EXT 2019"]
[Source "ChessBase"]
[SourceDate "2018.10.10"]
[SourceVersion "1"]
[SourceVersionDate "2018.10.10"]
[SourceQuality "1"]
[WhiteTeam "Jasien LKS ZPD"]
[BlackTeam "Gdansk Gedania"]
[WhiteTeamCountry "POL"]
[BlackTeamCountry "POL"]

1. d4 Nf6 2. Bg5 Ne4 3. h4 c5 4. Nc3 Qa5 5. e3 Nxc3 6. Qd2 f6 7. Bf4 cxd4 8. Bxb8 dxe3 9. fxe3 Rxb8 10. bxc3 e6 11. Nf3 Qc7 12. Bd3 Qg3+ 13. Kf1 Bc5 14. Nd4 d5 15. Re1 0-0 16. c4 Bb6 17. Rh3 Qc7 18. cxd5 exd5 19. Rf3 Ba5 0-1

[Event "POL-chT 53rd"]
[Site "Krynica"]
[Date "1997.09.28"]
[Round "4"]
[White "Okuniewski, Boguslaw"]
[Black "Blehm, Pawel"]
[Result "0-1"]
[WhiteElo "2265"]
[BlackElo "2400"]
[PlyCount "58"]
[EventDate "1997.09.25"]
[EventType "team-tourn"]
[EventRounds "11"]
[EventCountry "POL"]
[SourceTitle "EXT 2019"]
[Source "ChessBase"]
[SourceDate "2018.10.10"]
[SourceVersion "1"]
[SourceVersionDate "2018.10.10"]
[SourceQuality "1"]
[WhiteTeam "Jasien LKS ZPD"]
[BlackTeam "Bukowno Czarny Kon"]
[WhiteTeamCountry "POL"]
[BlackTeamCountry "POL"]

1. d4 Nf6 2. Nf3 g6 3. Bg5 Bg7 4. Nbd2 0-0 5. e4 d6 6. Bc4 c5 7. c3 cxd4 8. Nxd4 a6 9. a4 Qc7 10. Qe2 b6 11. 0-0 Bb7 12. f3 Nbd7 13. Rac1 Nc5 14. Ra1 Qd7 15. a5 b5 16. Ba2 Qc7 17. b4 Ncd7 18. Rac1 d5 19. e5 Nxe5 20. f4 Nc4 21. Nxc4 dxc4 22. f5 Nd5 23. Kh1 Rad8 24. Bb1 Bc8 25. fxg6 hxg6 26. Qe4 Nxc3 27. Qc6 Rd7 28. Rxc3 Qxc6 29. Nxc6 Bxc3 0-1

[Event "POL-chT 2nd League"]
[Site "Lubniewice"]
[Date "1993.??.??"]
[Round "?"]
[White "Okuniewski, Boguslaw"]
[Black "Kruszynski, Wlodzimierz"]
[Result "0-1"]
[WhiteElo "2235"]
[BlackElo "2380"]
[PlyCount "34"]
[EventDate "1993.09.17"]
[EventType "team-swiss"]
[EventRounds "11"]
[EventCountry "POL"]
[SourceTitle "TD"]
[Source "ChessBase"]
[SourceDate "1994.03.01"]
[SourceVersion "1"]
[SourceVersionDate "1994.03.01"]
[SourceQuality "1"]
[WhiteTeam "Jasien LKS ZPD"]
[BlackTeam "Swietochlowice Slask"]
[WhiteTeamCountry "POL"]
[BlackTeamCountry "POL"]

1. d4 Nf6 2. Bg5 Ne4 3. Bh4 c5 4. f3 g5 5. fxe4 gxh4 6. e3 Bh6 7. Bc4 e6 8. Qf3 Qg5 9. Nc3 Nc6 10. Nb5 0-0 11. Nh3 Qxe3+ 12. Qxe3 Bxe3 13. dxc5 Ne5 14. Bb3 Bxc5 15. 0-0-0 b6 16. Nd6 Ba6 17. Rhe1 Bb4 0-1